Rappeurs(euses)/Chanteurs(euses) américains/nes - Statistiques

Statistiques générales
  • Ce quiz a été pris 916 fois
  • Le résultat moyen est 22 sur 42
Statistiques - réponses
Hint Réponse % Correct
- One Dance- God’s Plan - Toosie Slide - In My Feelings Drake
86%
- bad guy- Happier Than Ever - lovely - Therefore I am Billie Eilish
84%
- 7 rings- positions - God is a woman - Love Me Harder Ariana Grande
81%
- Billie Jean- Smooth Criminal - Black or White - Beat It Michael Jackson
81%
- Blinding Lights- Starboy - I Feel It Coming - The Hills The Weeknd
81%
- Shape of You- Perfect - Bad Habits - Happier Ed Sheeran
80%
- HOLIDAY- MONTERO - INDUSTRY BABY - Old Town Road Lil Nas X
79%
- BUTTERFLY EFFECT- goosebumps - SICKO MODE - MY EYES Travis Scott
79%
- Telephone - Bad Romance - Poker Face - Just Dance Lady Gaga
78%
- Venom- Godzilla - Superman - Rap God Eminem
77%
- Firework- Dark Horse - Roar - I Kissed a Girl Katy Perry
77%
- 24k Magic- Grenade - That's What I Like - Just the Way You Are Bruno Mars
73%
- Sorry- 2U - What Do You Mean ? - Love Yourself Justin Bieber
69%
- Moonlight- SAD! - changes - Jocelyn Flores XXXTENTACION
69%
- HUMBLE- DNA - ELEMENT - Money Trees Kendrick Lamar
66%
- Toxic- Work B*tch - Gimme More - Womanizer Britney Spears
64%
- On The Floor- Ain’t Your Mama - Ain’t It Funny - I'm Real Jennifer Lopez
54%
- BREAK MY SOUL- Halo - Beautiful Liar - XO Beyoncé
53%
- Mask Off- Superhero - Too Many Nights - Life Is Good Future
53%
- Ni**as in Paris- Numb Encore - Empire State of Mind - Young Forever JAY-Z
53%
- Wrecking Ball- We Can’t Stop - Midnight Sky - The Climb Miley Cyrus
53%
- California Love- All Eyez on Me - Hit Em Up - Changes Tupac Shakur / 2pac
53%
- Bad Blood- Look What You Made Me Do - Blank Space - cardigan Taylor Swift
50%
- Come & Go- Lucid Dreams - Robbery - Wishing Well Juice WRLD
46%
- Gucci Gang- Boss - I Love It - Butterfly Doors Lil Pump
45%
- Smells Like Teen Spirit- In Bloom - Lithium - Something in the Way Nirvana
45%
- Myron- 20 min - XO Tour Llif3 - Just Wanna Rock Lil Uzi Vert
44%
- Stressed Out- Heathens - Ride - Chlorine Twenty One Pilots
44%
- POWER- Stronger - Famous - Heartless Kanye West
43%
- GOOBA- FEFE - YAYA - MAMA 6ix9ine
42%
- I Will Always Love You- One Moment in Time - I Wanna Dance with Somebody - Higher Love Whitney Houston
39%
- Scream & Shout- This Is Love - Check It Out - #willpower will.i.am
39%
- Bodak Yellow- She Bad - Up - Be Careful Cardi B
37%
- Narcos- Straightenin - Bad & Boujee - MotorSport Migos
30%
- The Next Episode - Sexual Eruption - Sweat - Doggyland Snoop Dogg
29%
- Frozen- 4 Minutes - Vogue - Hung up Madonna
28%
- Selfish Love- Slow Down - Hands to Myself - Come & Get It Selena Gomez
28%
- Heart Attack- Confident - Give Your Heart a Break - Neon Lights Demi Lovato
22%
- ZEZE- Wake Up in the Sky - Roll in Peace - Sufro Kodak Black
22%
- Lollipop- Love Me - Sucker for Pain - Presha Lil Wayne
22%
- Taste- Brand New - Krabby Step - Ride Out Tyga
18%
- Hypnotize- Dead Wrong - One More Chance - Warning The Notorious B.I.G / Biggie Smalls
17%
Aucun quiz correspondant
Distribution des résultats
% des personnes avec chaque résultat
Percentile par nombre de réponses
Votre historique - résultats
Vous n’avez pas pris ce quiz